000 01856nam a2200241 a 4500
001 BS0003210
003 BR-BrBNA
005 20230418192241.0
008 230308b |||||||| |||| 00| 0 por d
040 _aBR-BrBNA
_bpor
_cBiblioteca Nacional de Agricultura
041 _apor
072 _aS03
090 _aS03 BS0003210
100 1 _aMargulis, Lynn
245 1 _aO que é a vida? /
260 3 _aRio de Janeiro, RJ:
_bZahar Editora,
_c2002.
300 _a289 p.
500 _aTítulo original: What is life? Traduzido por Vera Ribeiro..
520 3 _aO Que é vida? é uma exploração científica e filosófica que retoma e atualiza - com base nos últimos avanços da ciência - essa célebre pergunta formulada por Schrödirger há cinqüenta anos. Ao mergulhar nas origens da vida, examina questões como: a condição da Terra como um super-organismo; a conexão biológica entre morte programada e sexo; a evolução simbiótica dos cinco remos orgânicos (bactérias, protoctistas, animais, fungos e plantas); a base solar da economia global de troca de calor; a surpreendente sugestão de que a vida - não apenas a vida humana - tem liberdade de ação, tendo desempenhado papel importante e inesperado em nossa evolução. Para dar conta de tão vasto tema, os autores Lynn Margulis e Dorion Sagan sondam o próprio coração da matéria viva, mostrando que a vida é uma "obra aberta': um complexo e lento processo de mutação e evolução iniciado há mais de quatro bilhões de anos. Ilustrações espetaculares - que mostram desde os menores organismos conhecidos (a bactéria Micoplasma)ao maior (a própria biosfera)- complementam esse instigante balanço sobre a natureza da vida. O volume traz ainda um utilíssimo glossário sobre o assunto.
650 _aBIOLOGIA
909 _a202304
_bSergio Santos
_c56
_dSergio Santos
942 _cBK
999 _c8273
_d8273